000
00319nam a22001457a 4500
005
20251119123811.0
082
_a
620.3 RAJ
100
_a
Rajaneesh R Chandran
_9
1025
245
_a
Engineering Mechanics
250
_a
1
260
_a
Owl Books
_b
Trivandrun
_c
2025
546
_a
English
650
_a
ME
_9
70
942
_c
BK
999
_c
38024
_d
38024